| 000 | 00792nam a2200217 a 4500 | ||
|---|---|---|---|
| 001 | 000048779 | ||
| 005 | 20201002061412.0 | ||
| 008 | 190412s2016 dr 000 0 spa d | ||
| 020 | _a9788460879237 | ||
| 040 |
_aDO-SdBNP _bspa _cBNPHU |
||
| 082 |
_axxx _bP438 |
||
| 100 | 1 |
_aPérez Núñez, Mayobanex _976234 |
|
| 245 | 1 | 3 |
_aEl inútil acoso de los detalles / _cMayobanex Pérez Núñez. |
| 260 |
_aEspaña : _bSolenodonte _bMínimas, _c2016. |
||
| 300 |
_a71 p. ; _c21 cm. |
||
| 490 | 1 | _aEdiciones de ACUDEBI; | |
| 500 | _aIncluye datos biografícos del autor en la solapa de la portada. | ||
| 590 | _aInventariado, 2019/ YL | ||
| 500 | _aLa Asociación Cultural y de Cooperación al Desarrollo de la Biblioteca República Dominicana (ACUDEBI). | ||
| 830 | 0 |
_aEdiciones de ACUDEBI _976232 |
|
| 999 |
_c48267 _d48267 |
||